000
00267nam a22001097a 4500
082
_a
M07
_b
ACH/V
100
_a
Achutha Menon C
245
_a
Vayanayude Uthirmanikal
260
_a
Thiruvanthapuram:
_b
Prabhatham,
_c
1988.
650
_a
Literature Malayalam
942
_c
BK
999
_c
174729
_d
174729